Statistics for NBA All-Time Scoring Leaders - Top 100

Click here to take the quiz!

General Stats

  • This quiz has been taken 410 times
    (256 since last reset)
  • The average score is 58 of 100

Answer Stats

Rank Player Points % Correct
4LeBron James32543
100%
5Michael Jordan32292
97%
2Karl Malone36928
97%
3Kobe Bryant33643
96%
1Kareem Abdul-Jabbar38387
95%
9Moses Malone27409
95%
92Jeff Malone17231
95%
31Kevin Durant22940
95%
7Wilt Chamberlain31419
93%
22Jerry West25192
93%
6Dirk Nowitzki31560
91%
8Shaquille O'Neal28596
89%
80Magic Johnson17707
89%
34Larry Bird21791
87%
19Carmelo Anthony25551
87%
59Russell Westbrook18859
87%
29Dwyane Wade23165
86%
63James Harden18627
85%
14Tim Duncan26496
84%
53Eddie Johnson19202
83%
42Joe Johnson20405
83%
20Vince Carter25430
82%
25Allen Iverson24368
82%
11Hakeem Olajuwon26946
81%
57Scottie Pippen18940
80%
84Chris Paul17597
79%
39David Robinson20790
78%
47Clifford R. Robinson19591
77%
70Julius Erving18364
77%
17Kevin Garnett26071
77%
15Paul Pierce26397
77%
26Charles Barkley23757
76%
24Ray Allen24505
74%
37Pau Gasol20894
74%
87Steve Nash17387
73%
45John Stockton19711
73%
21Reggie Miller25279
72%
49Tony Parker19473
72%
12Oscar Robertson26710
71%
69Tracy McGrady18381
68%
85Jason Kidd17529
68%
30Elgin Baylor23149
68%
32Clyde Drexler22195
68%
78Lenny Wilkens17772
67%
23Patrick Ewing24815
67%
61Isiah Thomas18822
67%
13Dominique Wilkins26668
67%
96Bob Cousy16960
66%
73Dwight Howard18114
66%
16John Havlicek26395
66%
88Kevin McHale17335
64%
38Bob Pettit20880
63%
93Chris Bosh17189
62%
27Robert Parish23334
61%
10Elvin Hayes27313
60%
40George Gervin20708
60%
48Walter Davis19521
57%
33Gary Payton21813
56%
98Buck Williams16784
54%
18Alex English25613
53%
77Chris Mullin17911
50%
68Rick Barry18395
50%
95Grant Hill17137
50%
94Chris Webber17182
50%
62Bob McAdoo18787
49%
46Bernard King19655
47%
28Adrian Dantley23177
40%
60Chet Walker18831
40%
67Dolph Schayes18438
40%
64LaMarcus Aldridge18598
38%
100Nate Archibald16481
36%
86Earl Monroe17454
35%
41Mitch Richmond20497
34%
43Tom Chambers20049
33%
54Gail Goodrich19181
31%
52Bob Lanier19248
30%
71Glen Rice18336
28%
35Hal Greer21586
28%
91Kevin Willis17253
28%
72Dave Bing18327
28%
81Shawn Marion17700
28%
65Zach Randolph18578
27%
58Jason Terry18879
26%
51Jamal Crawford19414
26%
36Walt Bellamy20941
25%
66Mark Aguirre18458
24%
99Latrell Sprewell16712
23%
82Rolando Blackman17623
21%
56Dale Ellis19004
19%
89Michael Finley17306
19%
44Antawn Jamison20042
19%
97Elton Brand16827
19%
90Jack Sikma17287
18%
75Calvin Murphy17949
17%
55Reggie Theus19015
15%
83Otis Thorpe17600
15%
50Terry Cummings19460
15%
76Lou Hudson17940
15%
74World B. Free17955
13%
79Bailey Howell17770
12%

Score Distribution

Percentile by Number Answered

Percent of People with Each Score

Your Score History

You have not taken this quiz since the last reset